| 000 | 00369nam a22001577a 4500 | ||
|---|---|---|---|
| 999 |
_c523461 _d523461 |
||
| 003 | NUST | ||
| 020 | _a9789937850490 | ||
| 038 | _awaseem | ||
| 082 |
_a954 _bKHA |
||
| 100 |
_aKharel, Paras _913857 |
||
| 245 |
_aSouth Asian Issues Old and News / _cParas Kharel |
||
| 260 |
_aNepal : _bSawtee, _c2018. |
||
| 300 | _a277 p. ; | ||
| 500 | _aPaperback. | ||
| 942 |
_2ddc _cBK |
||